ბათუმის შოთა რუსთაველის სახელმწიფო უნივერსიტეტის ბიბლიოთეკა

Общая топология. Основные структуры (ბიბ.ჩანაწერი № 47979)

000 -LEADER
fixed length control field 00573nam a2200205Ia 4500
001 - CONTROL NUMBER
control field 14857
003 - CONTROL NUMBER IDENTIFIER
control field GE_BSU
008 - FIXED-LENGTH DATA ELEMENTS--GENERAL INFORMATION
fixed length control field 181216s||||||||xx |||||||||||||| ||und||
040 ## - CATALOGING SOURCE
Transcribing agency GE_BSU
080 ## - UNIVERSAL DECIMAL CLASSIFICATION NUMBER
Universal Decimal Classification number 515.12
100 ## - MAIN ENTRY--PERSONAL NAME
Personal name Бурбаки,Н.
245 ## - TITLE STATEMENT
Title Общая топология. Основные структуры
245 ## - TITLE STATEMENT
Statement of responsibility, etc. Под.ред.Д.А.Райкова
260 ## - PUBLICATION, DISTRIBUTION, ETC.
Place of publication, distribution, etc. Москва
260 ## - PUBLICATION, DISTRIBUTION, ETC.
Name of publisher, distributor, etc. Наука
260 ## - PUBLICATION, DISTRIBUTION, ETC.
Date of publication, distribution, etc. 1968
300 ## - PHYSICAL DESCRIPTION
Extent 272стр.22см.
653 ## - INDEX TERM--UNCONTROLLED
Uncontrolled term Общая топология. Основные структуры
942 ## - ADDED ENTRY ELEMENTS (KOHA)
Koha item type წიგნი
ეგზემპლარები
Withdrawn status Lost status Damaged status Not for loan Date acquired Barcode Date last seen Price effective from Koha item type
        2018-12-17 15156 2018-12-17 2018-12-17 წიგნი
        2018-12-17 15228 2018-12-17 2018-12-17 წიგნი
        2018-12-17 17485 2018-12-17 2018-12-17 წიგნი